Statistics for Movie Poster Mix-Up #1

Click here to take the quiz!

General Stats

  • This quiz has been taken 18,987 times
  • The average score is 7 of 12

Answer Stats

Answer% Correct
Frozen
98%
Oppenheimer
87%
Die Hard
73%
Lincoln
69%
Hook
66%
Babe
62%
Blade Runner
59%
2001: A Space Odyssey
57%
Apollo 13
55%
Apocalypse Now
48%
Vertigo
40%
Jackie Brown
33%

Score Distribution

Percentile by Number Answered

Percent of People with Each Score

Your Score History

You have not taken this quiz